Report Of The Work Of The Conference Of Government Experts For The Study Of The Conventions For The Protection Of War Victims : (Record no. 50753)
[ view plain ]
| 000 -LEADER | |
|---|---|
| fixed length control field | 01289nam a22003137i 4500 |
| 003 - CONTROL NUMBER IDENTIFIER | |
| control field | EG-GICUC |
| 005 - DATE AND TIME OF LATEST TRANSACTION | |
| control field | 20260121101508.0 |
| 008 - FIXED-LENGTH DATA ELEMENTS--GENERAL INFORMATION | |
| fixed length control field | 251216s1947 sZ ||||fr|||| 00| 0 eng d |
| 040 ## - CATALOGING SOURCE | |
| Original cataloging agency | EG-GiCUC |
| Language of cataloging | eng |
| Transcribing agency | EG-GiCUC |
| Modifying agency | EG-GiCUC |
| Description conventions | rda |
| 041 ## - LANGUAGE CODE | |
| Language code of text/sound track or separate title | eng |
| 082 04 - DEWEY DECIMAL CLASSIFICATION NUMBER | |
| Edition number | 21 |
| Classification number | 1947 |
| Item number | GO . R |
| 092 04 - LOCALLY ASSIGNED DEWEY CALL NUMBER (OCLC) | |
| Edition number | 21 |
| 099 ## - LOCAL FREE-TEXT CALL NUMBER (OCLC) | |
| Classification number | Law1 11 341.65 GO . R 1947 |
| 111 #2 - MAIN ENTRY--MEETING NAME | |
| Meeting name or jurisdiction name as entry element | Conference of Government Experts for the Study of the Conventions for the Protection of War Victims |
| Date of meeting or treaty signing | (1947 : |
| Location of meeting | Geneva, Switzerland |
| 245 10 - TITLE STATEMENT | |
| Title | Report Of The Work Of The Conference Of Government Experts For The Study Of The Conventions For The Protection Of War Victims : |
| Remainder of title | Geneva, April 14-26, 1947 / |
| Statement of responsibility, etc. | Conference Of Government Experts For The Study Of The Conventions For The Protection Of War Victims. |
| 264 #1 - PRODUCTION, PUBLICATION, DISTRIBUTION, MANUFACTURE, AND COPYRIGHT NOTICE | |
| Place of production, publication, distribution, manufacture | Geneva : |
| Name of producer, publisher, distributor, manufacturer | International Committee of the Red Cross, |
| Date of production, publication, distribution, manufacture, or copyright notice | 1947. |
| 300 ## - PHYSICAL DESCRIPTION | |
| Extent | 332 pages ; |
| Dimensions | 24 cm. |
| 336 ## - CONTENT TYPE | |
| Source | rda content |
| Content type term | text |
| 337 ## - MEDIA TYPE | |
| Source | rda media |
| Media type term | Computer |
| 338 ## - CARRIER TYPE | |
| Source | rda carrier |
| Carrier type term | Online Resource |
| 504 ## - BIBLIOGRAPHY, ETC. NOTE | |
| Bibliography, etc. note | Include Bibliographic references |
| 546 ## - LANGUAGE NOTE | |
| Language note | Text in English |
| 650 14 - SUBJECT ADDED ENTRY--TOPICAL TERM | |
| Topical term or geographic name entry element | War Victims |
| Source of heading or term | qrmak |
| 651 1# - SUBJECT ADDED ENTRY--GEOGRAPHIC NAME | |
| Source of heading or term | qrmak |
| 710 #2 - ADDED ENTRY--CORPORATE NAME | |
| Corporate name or jurisdiction name as entry element | International Committee of the Red Cross |
| 856 40 - ELECTRONIC LOCATION AND ACCESS | |
| Uniform Resource Identifier | <a href="https://fll.law.cu.edu.eg/fulltext/bks/B11-05077.pdf">https://fll.law.cu.edu.eg/fulltext/bks/B11-05077.pdf</a> |
| 905 ## - Cataloger and Reviser Names | |
| Cataloger Name: | Rawan khaled |
| 942 ## - ADDED ENTRY ELEMENTS (KOHA) | |
| Source of classification or shelving scheme | Dewey Decimal Classification |
| Koha item type | Books |
| Edition | 21 |
| Suppress in OPAC | No |
| Withdrawn status | Lost status | Source of classification or shelving scheme | Damaged status | Not for loan | Collection | Home library | Current library | Date acquired | Total checkouts | Full call number | Barcode | Date last seen | Copy number | Price effective from | Koha item type |
|---|---|---|---|---|---|---|---|---|---|---|---|---|---|---|---|
| Dewey Decimal Classification | Not for loan | القانون الدولي العام | جــــامعة القــاهرة | مكتبة كلية الحقوق - المبنى الرئيسي | 16.12.2025 | Law1 11 341.65 GO . R 1947 1105077 C1 | B11-05077 | 16.12.2025 | 1 | 16.12.2025 | Books |